[Event "OLNO 1718 SC Weisse Dame - TSG Oberschö"]
[Site "?"]
[Date "2017.11.12"]
[Round "3.5"]
[White "Syre, Christian"]
[Black "Kaiser, Martin"]
[Result "1/2-1/2"]
[WhiteElo "2193"]
[BlackElo "2142"]
[PlyCount "44"]
[EventDate "2017.??.??"]

1. d4 Nf6 2. Bg5 c5 3. d5 Qb6 4. Bc1 e6 5. c4 Qb4+ 6. Nc3 Qxc4 7. e4 Qb4 8. a3
Qb6 9. Bc4 d6 10. Nf3 e5 11. h3 a6 12. Be3 Qc7 13. a4 g6 14. O-O Bg7 15. Nd2
Nh5 16. Re1 O-O 17. Bf1 Nf4 18. Nc4 Nd7 19. g3 Nh5 20. Rb1 Rb8 21. b4 b6 22.
Qe2 Nhf6 1/2-1/2

[Event "OLNO 1718 SC Weisse Dame - TSG Oberschö"]
[Site "?"]
[Date "2017.11.12"]
[Round "3.6"]
[White "Mohrmann, Ralf"]
[Black "Jauk, Wilhelm"]
[Result "1-0"]
[WhiteElo "2022"]
[BlackElo "2132"]
[PlyCount "85"]
[EventDate "2017.??.??"]

1. Nf3 d5 2. g3 c6 3. Bg2 Bf5 4. O-O h6 5. d3 e6 6. Nfd2 Nf6 7. h3 Be7 8. e4
Bh7 9. Qe2 O-O 10. c4 Na6 11. Nc3 Re8 12. a3 Bf8 13. b4 Nc7 14. e5 Nd7 15. f4
a5 16. Rb1 axb4 17. axb4 Na6 18. cxd5 exd5 19. b5 Nac5 20. Rf3 f6 21. bxc6 bxc6
22. d4 Bxb1 23. Ndxb1 Ne6 24. Rd3 Nxd4 25. Rxd4 Bc5 26. Be3 Bxd4 27. Bxd4 fxe5
28. fxe5 Qg5 29. Kh2 Nxe5 30. Nxd5 Rad8 31. Nc7 Re7 32. Bxe5 Rxe5 33. Qa2+ Kh8
34. Ne6 Rxe6 35. Qxe6 c5 36. Nc3 Qh5 37. Nd5 Re8 38. Ne7 Rd8 39. Ng6+ Kh7 40.
Nf4 Qg5 41. Be4+ Kh8 42. Ng6+ Kh7 43. Ne5+ 1-0

[Event "OLNO 1718 SC Weisse Dame - TSG Oberschö"]
[Site "?"]
[Date "2017.11.12"]
[Round "3.7"]
[White "Stark, Ingo"]
[Black "Mahn, Franko"]
[Result "1/2-1/2"]
[WhiteElo "2122"]
[BlackElo "2128"]
[PlyCount "82"]
[EventDate "2017.??.??"]

1. e4 e6 2. d4 d5 3. Nc3 Nc6 4. Nf3 Nf6 5. Bd3 Bb4 6. Bg5 dxe4 7. Bxe4 Qd6 8.
Bxf6 gxf6 9. O-O Bxc3 10. bxc3 Bd7 11. Rb1 O-O-O 12. Qe2 Na5 13. Nd2 Bc6 14.
Qf3 f5 15. Bxc6 Qxc6 16. Qxc6 Nxc6 17. Nc4 Rd5 18. f4 Rg8 19. Rf3 b6 20. Kf2
Kd7 21. a4 Ke7 22. Re1 Kd7 23. Rh3 Rg7 24. Rh6 Ne7 25. Re5 c6 26. Rh3 Ng6 27.
Rxd5+ cxd5 28. Ne5+ Nxe5 29. dxe5 Kc6 30. Rd3 Kc5 31. h3 Kc4 32. g3 Rg8 33. Ke2
h5 34. h4 Rc8 35. Kd2 Rc7 36. Rd4+ Kc5 37. Rb4 Rd7 38. Rb5+ Kc4 39. Rb4+ Kc5
40. Rb5+ Kc6 41. Rb4 Kc5 1/2-1/2

[Event "OLNO 1718 SC Weisse Dame - TSG Oberschö"]
[Site "?"]
[Date "2017.11.12"]
[Round "3.8"]
[White "Gross, Thorsten"]
[Black "Thormann, Wolfgang"]
[Result "1-0"]
[WhiteElo "2153"]
[BlackElo "2179"]
[PlyCount "63"]
[EventDate "2017.??.??"]

1. c4 e6 2. Nc3 b6 3. d4 f5 4. Nf3 Bb7 5. Bg5 Be7 6. Bxe7 Qxe7 7. e3 Nf6 8. Bd3
O-O 9. Qc2 a5 10. O-O-O d5 11. cxd5 Bxd5 12. Nxd5 Nxd5 13. Qa4 Na6 14. Kb1 c5
15. Rc1 Ndc7 16. Ne5 Rfd8 17. Rhd1 Rd6 18. Bxa6 Nxa6 19. Nc4 Rdd8 20. Nxb6 Ra7
21. dxc5 Rxd1 22. Qxd1 Rc7 23. Qd6 Kf7 24. Nc4 Nxc5 25. Ne5+ Ke8 26. Qb6 Qd8
27. Qb5+ Kf8 28. Qxa5 Kg8 29. a3 h6 30. Rxc5 Qd1+ 31. Ka2 Rb7 32. Qa8+ 1-0

[Event "OLNO 1718 TSG Neuruppin - TSG Oberschön"]
[Site "?"]
[Date "2017.12.10"]
[Round "4.1"]
[White "Schoewel, Matthias"]
[Black "Popovics, Adam"]
[Result "1/2-1/2"]
[WhiteElo "2225"]
[BlackElo "2374"]
[PlyCount "47"]
[EventDate "2017.??.??"]

1. e4 g6 2. Nf3 Bg7 3. Be2 c5 4. O-O Nc6 5. Nc3 d6 6. Re1 e5 7. Nd5 Nge7 8.
Nxe7 Nxe7 9. c3 Nc6 10. d3 O-O 11. Be3 Re8 12. Qc2 b6 13. Rad1 Bb7 14. c4 f5
15. h3 Qf6 16. Bd2 Rf8 17. Rf1 Rad8 18. a3 Nd4 19. Nxd4 exd4 20. Bf3 Qh4 21.
Rde1 Bh6 22. Bxh6 Qxh6 23. Qd1 fxe4 24. Bxe4 1/2-1/2

[Event "OLNO 1718 TSG Neuruppin - TSG Oberschoe"]
[Site "?"]
[Date "2017.12.10"]
[Round "4.2"]
[White "Berebora, Ferenc"]
[Black "Horn, Sven"]
[Result "1-0"]
[WhiteElo "2443"]
[BlackElo "2121"]
[PlyCount "64"]
[EventDate "2017.??.??"]

1. Nf3 d5 2. c4 e6 3. g3 Nf6 4. Bg2 d4 5. e3 c5 6. exd4 cxd4 7. O-O Nc6 8. d3
Be7 9. Na3 O-O 10. Nc2 a5 11. Re1 Re8 12. b3 Bf8 13. Ne5 Nxe5 14. Rxe5 Qc7 15.
Rb5 e5 16. Bg5 Ra6 17. Qe1 Nd7 18. b4 axb4 19. Nxb4 Ra4 20. Nd5 Qb8 21. Qd1 Ra3
22. Bc1 Ra6 23. a4 Nc5 24. Ba3 Ne6 25. Bxf8 Nxf8 26. Qb3 Qd6 27. c5 Qd8 28. Nb4
Be6 29. Qc2 Ra7 30. Rxb7 Rxb7 31. Bxb7 Qc7 32. c6 Rb8 1-0

[Event "OLNO 1718 TSG Neuruppin - TSG Oberschoe"]
[Site "?"]
[Date "2017.12.10"]
[Round "4.3"]
[White "Postler, Reinhard"]
[Black "Gyorkos, Lajos"]
[Result "1-0"]
[WhiteElo "2227"]
[BlackElo "2326"]
[PlyCount "73"]
[EventDate "2017.??.??"]

1. e4 c5 2. Nf3 e6 3. d4 cxd4 4. Nxd4 a6 5. Nc3 b5 6. Bd3 Qb6 7. Nb3 Qc7 8. O-O
Bb7 9. Qe2 d6 10. f4 Nd7 11. Bd2 Ngf6 12. Nd1 Nc5 13. Nxc5 dxc5 14. c4 b4 15.
e5 Nd7 16. Nf2 Be7 17. Be4 O-O 18. a3 a5 19. a4 Rfd8 20. Be3 f5 21. exf6 Nxf6
22. Bxb7 Qxb7 23. b3 Qc6 24. Rad1 Rf8 25. Rd2 Rac8 26. Rfd1 Rc7 27. Rd3 Rd7 28.
Rxd7 Nxd7 29. Ng4 Rc8 30. Bc1 Bf8 31. Bb2 Re8 32. Nh6+ gxh6 33. Qg4+ Kf7 34.
Qh5+ Ke7 35. Qh4+ Kf7 36. Rxd7+ Qxd7 37. Qf6+ 1-0

[Event "OLNO 1718 TSG Neuruppin - TSG Oberschoe"]
[Site "?"]
[Date "2017.12.10"]
[Round "4.4"]
[White "Heuer, Thomas"]
[Black "Syre, Christian"]
[Result "0-1"]
[WhiteElo "2111"]
[BlackElo "2183"]
[PlyCount "59"]
[EventDate "2017.??.??"]

1. d4 Nf6 2. Nf3 g6 3. c4 Bg7 4. Nc3 d6 5. e4 O-O 6. Be2 e5 7. O-O Nbd7 8. Re1
c6 9. Rb1 a5 10. a3 exd4 11. Nxd4 Nc5 12. Bf3 a4 13. Bf4 Re8 14. b4 axb3 15.
Nxb3 Nfd7 16. Re3 Ne5 17. Nxc5 dxc5 18. Qb3 Qa5 19. a4 Re7 20. Be2 Be6 21. Bg3
Qa6 22. Bxe5 Bxe5 23. Qb6 Qxb6 24. Rxb6 Bc8 25. Rb1 Bd4 26. Rg3 f5 27. exf5
Bxc3 28. fxg6 Bd4 29. gxh7+ Kh8 30. Kf1 0-1

[Event "OLNO 1718 TSG Neuruppin - TSG Oberschoe"]
[Site "?"]
[Date "2017.12.10"]
[Round "4.5"]
[White "Jauk, Wilhelm"]
[Black "Simon, Ralf-Axel"]
[Result "1-0"]
[WhiteElo "2120"]
[BlackElo "2157"]
[PlyCount "85"]
[EventDate "2017.??.??"]

1. d4 d5 2. c4 e6 3. Nc3 c6 4. e3 Nf6 5. Nf3 Nbd7 6. Bd3 dxc4 7. Bxc4 b5 8. Bd3
Bb7 9. O-O a6 10. a4 b4 11. Ne4 c5 12. Ng3 Bd6 13. b3 h5 14. Re1 cxd4 15. exd4
h4 16. Nf1 h3 17. g3 Nd5 18. Bd2 Rc8 19. Ne3 Nc3 20. Bxc3 Rxc3 21. d5 O-O 22.
Bc4 e5 23. Nd2 f5 24. Qh5 Qf6 25. Qxh3 Nc5 26. Nb1 Nxb3 27. Nxc3 Nxa1 28. Ne2
e4 29. Qf1 Be5 30. d6+ Kh7 31. Nf4 Bxf4 32. gxf4 Qg6+ 33. Kh1 Nc2 34. Nxc2 e3+
35. f3 Qg4 36. Rxe3 Re8 37. Be2 b3 38. Rxe8 bxc2 39. Re3 Qxf4 40. Rc3 g5 41.
Rxc2 g4 42. Rc7+ Kg6 43. Rxb7 1-0

[Event "OLNO 1718 TSG Neuruppin - TSG Oberschoe"]
[Site "?"]
[Date "2017.12.10"]
[Round "4.6"]
[White "Gropp, Andreas"]
[Black "Stark, Ingo"]
[Result "0-1"]
[WhiteElo "2168"]
[BlackElo "2120"]
[PlyCount "66"]
[EventDate "2017.??.??"]

1. c4 Nf6 2. Nc3 e6 3. e4 d5 4. e5 Ne4 5. Nxe4 dxe4 6. Qg4 Bd7 7. Qxe4 Na6 8.
Nf3 Bc6 9. Qc2 Bxf3 10. gxf3 Qd4 11. Qe4 Bc5 12. Qxd4 Bxd4 13. f4 Nb4 14. Ke2
O-O-O 15. Rg1 Nd3 16. Rxg7 Nxf4+ 17. Kf3 Ng6 18. Ke4 Nxe5 19. Rg3 f5+ 20. Kf4
Ng4 21. Rb3 Rhg8 22. d3 Be5+ 23. Kf3 Nxh2+ 24. Ke2 Nxf1 25. Kxf1 Bh2 26. Ke2
Rg1 27. c5 Rd5 28. c6 bxc6 29. Rc3 Kd7 30. a4 Re5+ 31. Kf3 Ree1 32. d4 Bd6 33.
b3 h5 0-1

[Event "OLNO 1718 TSG Neuruppin - TSG Oberschoe"]
[Site "?"]
[Date "2017.12.10"]
[Round "4.7"]
[White "Wiedersich, Jens"]
[Black "Schuckar, Donald"]
[Result "1-0"]
[WhiteElo "2095"]
[BlackElo "1997"]
[PlyCount "75"]
[EventDate "2017.??.??"]

1. d4 d6 2. Nf3 g6 3. g3 Bg7 4. Bg2 Nf6 5. O-O h5 6. Re1 d5 7. c4 c6 8. Nc3 Ne4
9. Qb3 Nxc3 10. Qxc3 Nd7 11. cxd5 cxd5 12. Bf4 Nf6 13. Bc7 Qd7 14. Qa5 Qe6 15.
Rac1 Ne4 16. Qb5+ Qd7 17. Qd3 Qf5 18. Rf1 Bf6 19. Be5 Bxe5 20. dxe5 O-O 21.
Qxd5 Ng5 22. Nxg5 Qxg5 23. f4 Qg4 24. Qf3 Qf5 25. Rc7 Qe6 26. Qb3 Qxb3 27. axb3
Be6 28. Rxe7 Rab8 29. Rc1 Rfd8 30. Rxb7 Bxb3 31. Rcc7 a5 32. Rxb8 Rxb8 33. Rb7
Rxb7 34. Bxb7 Kf8 35. Kf2 Ke7 36. Ke3 Kd7 37. Kd4 Kc7 38. Bd5 1-0

[Event "OLNO 1718 SC Rotation Pankow - SC Weiss"]
[Site "?"]
[Date "2017.12.10"]
[Round "4.1"]
[White "Waldmann, Hans-Joachim"]
[Black "Rietze, Clemens"]
[Result "0-1"]
[WhiteElo "2293"]
[BlackElo "2313"]
[PlyCount "86"]
[EventDate "2017.??.??"]

1. Nf3 d5 2. d4 Nf6 3. c3 g6 4. Ne5 Bg7 5. e3 O-O 6. Bd3 Nbd7 7. f4 Nxe5 8.
fxe5 Ng4 9. O-O c5 10. Na3 Nh6 11. Nc2 Bf5 12. b3 Rc8 13. Bb2 Qb6 14. Ba3 cxd4
15. cxd4 Rc3 16. Bxf5 Nxf5 17. Qd2 Rfc8 18. Rac1 Bh6 19. g4 Nxe3 20. Nxe3 Bxe3+
21. Qxe3 Rxe3 22. Rxc8+ Kg7 23. Bxe7 Qe6 24. Bf8+ Kg8 25. Rb8 Qxg4+ 26. Kh1
Qe4+ 27. Kg1 f5 28. Bh6+ Kf7 29. Rxb7+ Ke6 30. Bf8 Qg4+ 31. Kh1 f4 32. Re7+ Kf5
33. Rf7+ Ke4 34. e6 Re2 35. R7xf4+ Qxf4 36. Rxf4+ Kxf4 37. Bc5 Rxe6 38. Bxa7
Kf3 39. h4 Ra6 40. Bc5 Rxa2 41. h5 g5 42. b4 g4 43. b5 g3 0-1

[Event "OLNO 1718 SC Rotation Pankow - SC Weiss"]
[Site "?"]
[Date "2017.12.10"]
[Round "4.2"]
[White "Neumeier, Lars"]
[Black "Moeller, Hendrik"]
[Result "0-1"]
[WhiteElo "2347"]
[BlackElo "2246"]
[PlyCount "210"]
[EventDate "2017.??.??"]

1. d4 d5 2. Nf3 c5 3. e3 Nf6 4. Be2 g6 5. O-O Bg7 6. b3 O-O 7. Bb2 cxd4 8. exd4
Nc6 9. Nbd2 Bf5 10. Ne5 Rc8 11. c4 dxc4 12. Ndxc4 Nd5 13. Bf3 Be6 14. Qd2 Qc7
15. Rac1 Rfd8 16. Rfd1 Qb8 17. Nxc6 Rxc6 18. g3 Bf6 19. Be4 Ra6 20. a3 Rc6 21.
Qe2 Rc7 22. Ne5 Rxc1 23. Rxc1 Nb6 24. Qf3 Bd5 25. Rc5 Qd6 26. Bxd5 Nxd5 27. b4
a6 28. h4 h5 29. Qe4 Qe6 30. Qf3 b6 31. Rc6 Rd6 32. Rc2 b5 33. Nd3 Nb6 34. Nc5
Qe1+ 35. Kg2 Nc4 36. Bc3 Qb1 37. Re2 Qf5 38. Qa8+ Kg7 39. Ne4 Qd5 40. Qxd5 Rxd5
41. Nc5 Rd6 42. a4 Nb6 43. axb5 axb5 44. Nb3 Nd5 45. Be1 Rc6 46. Ra2 Rc4 47.
Ra5 Nxb4 48. Rxb5 Nc2 49. Ba5 Nxd4 50. Nxd4 Bxd4 51. Bb6 Ba1 52. Ra5 Bb2 53.
Ra2 Be5 54. Be3 Rc6 55. Ra7 Bd6 56. Bg5 f6 57. Be3 Kf7 58. Kf3 Ke6 59. Ra5 Rc3
60. Ke4 Rc4+ 61. Kf3 Bc7 62. Rb5 Kd7 63. Rb3 Ra4 64. Rd3+ Ke6 65. Rb3 Kf5 66.
Bc5 e6 67. Rb5 Ra5 68. Rxa5 Bxa5 69. Bd4 Bc7 70. Bc5 Be5 71. Ba7 Bc3 72. Bb6 e5
73. Bc5 Bd4 74. Bb4 e4+ 75. Kg2 Kg4 76. Bd2 Be5 77. Be3 f5 78. Bg5 f4 79. gxf4
Bxf4 80. Bd8 Be5 81. Be7 Bc7 82. Bg5 Be5 83. Bd8 Kf5 84. Kh3 Bf6 85. Bc7 Ke6
86. Ba5 Kd5 87. Kg3 Kc4 88. Bb6 Kd3 89. Bc5 Be5+ 90. Kg2 Ke2 91. Be3 Bd6 92.
Bd4 Bf4 93. Bc5 Kd3 94. Bb6 Be5 95. Bd8 Bd4 96. Kg3 Ke2 97. Kf4 Bxf2 98. Kxe4
Bg3 99. Bg5 Kf2 100. Be7 Kg2 101. Bf6 Kh3 102. Kf3 Bxh4 103. Be5 Bd8 104. Kf2
Bb6+ 105. Kf1 g5 0-1

[Event "OLNO 1718 SC Rotation Pankow - SC Weiss"]
[Site "?"]
[Date "2017.12.10"]
[Round "4.3"]
[White "Uhl, Heinz"]
[Black "Guth, Thomas"]
[Result "0-1"]
[WhiteElo "2158"]
[BlackElo "2330"]
[PlyCount "84"]
[EventDate "2017.??.??"]

1. c4 e6 2. Nc3 b6 3. Nf3 Bb7 4. e4 c5 5. Be2 d6 6. d4 cxd4 7. Nxd4 a6 8. O-O
Nf6 9. Bf3 Qc7 10. Be3 Nbd7 11. Rc1 Rc8 12. Re1 Be7 13. b3 O-O 14. Bf4 Rfd8 15.
Qc2 Bf8 16. Bg3 Qb8 17. a4 Qa8 18. Qb1 Rc5 19. Bd1 e5 20. Nf3 b5 21. Nd5 Rdc8
22. Be2 bxc4 23. Bxc4 Nxd5 24. exd5 Bxd5 25. Qf5 Bxc4 26. bxc4 Nf6 27. Nd2 e4
28. Qf4 d5 29. Bh4 R5c6 30. Rb1 dxc4 31. Nxe4 Nxe4 32. Rxe4 c3 33. Be7 c2 34.
Rc1 Qb8 35. Qe3 Qb2 36. Bxf8 Rxf8 37. h3 Rd6 38. Qe1 g6 39. Re2 Rc8 40. Rexc2
Rxc2 41. Rxc2 Qxc2 42. Qe8+ Kg7 0-1

[Event "OLNO 1718 SC Rotation Pankow - SC Weiss"]
[Site "?"]
[Date "2017.12.10"]
[Round "4.4"]
[White "Dauth, Benjamin"]
[Black "Abraham, Ingo"]
[Result "1-0"]
[WhiteElo "2323"]
[BlackElo "2213"]
[PlyCount "139"]
[EventDate "2017.??.??"]

1. e4 c5 2. c3 Nf6 3. e5 Nd5 4. d4 cxd4 5. Qxd4 e6 6. Nf3 Nc6 7. Qe4 d6 8. Nbd2
dxe5 9. Nxe5 Nxe5 10. Qxe5 Qc7 11. Bb5+ Bd7 12. Bxd7+ Qxd7 13. Nf3 Nf6 14. Bf4
Be7 15. O-O O-O 16. Rfd1 Qc6 17. Nd4 Qe4 18. Nb5 Qxe5 19. Bxe5 a6 20. Nd6 b6
21. Nc4 b5 22. Na5 Nd5 23. Kf1 Rac8 24. a4 f6 25. Bd4 Kf7 26. axb5 axb5 27. Nb3
b4 28. cxb4 Nxb4 29. Ra7 Nc6 30. Rd7 Nxd4 31. Nxd4 Rfd8 32. Nf3 Rxd7 33. Rxd7
Rc1+ 34. Ke2 Rc2+ 35. Rd2 Rxd2+ 36. Nxd2 e5 37. Kd3 Ke6 38. Kc4 f5 39. f3 Bg5
40. Nb3 e4 41. fxe4 fxe4 42. Nd4+ Kd6 43. Nf5+ Kc6 44. Nxg7 Bf6 45. Ne6 Bxb2
46. Ng5 e3 47. Kd3 h6 48. Nf3 Bc1 49. Ne5+ Kd5 50. Ng4 e2 51. Kxe2 Ke4 52. Nf2+
Kf5 53. Kf3 h5 54. Ne4 Bb2 55. Ng3+ Kg5 56. Ke4 h4 57. Nh1 Ba3 58. Nf2 Bd6 59.
h3 Bc7 60. Ng4 Bd6 61. Ne5 Bc7 62. Nf3+ Kh5 63. Kf5 Bg3 64. Ng5 Be1 65. Ne4 Ba5
66. Nf6+ Kh6 67. Kg4 Bd8 68. Ne4 Kg6 69. Nd2 Kf6 70. Nf3 1-0

[Event "OLNO 1718 SC Rotation Pankow - SC Weiss"]
[Site "?"]
[Date "2017.12.10"]
[Round "4.5"]
[White "Venske, Kai-Gerrit"]
[Black "Seils, Joerg"]
[Result "1/2-1/2"]
[WhiteElo "2181"]
[BlackElo "2315"]
[PlyCount "163"]
[EventDate "2017.??.??"]

1. d4 Nf6 2. Bg5 d5 3. Nc3 e6 4. e4 dxe4 5. Nxe4 Be7 6. Bxf6 Bxf6 7. Nf3 Nd7 8.
Qd2 Be7 9. O-O-O Nf6 10. Bd3 c6 11. Kb1 Qc7 12. c4 O-O 13. Nxf6+ Bxf6 14. g4 c5
15. dxc5 e5 16. g5 Be7 17. Qe2 Bxc5 18. Nxe5 g6 19. Ng4 Bxg4 20. Qxg4 Rad8 21.
h4 Rd4 22. Qh3 Rfd8 23. h5 Qd7 24. hxg6 fxg6 25. Qxd7 R4xd7 26. Kc2 Bxf2 27.
Rh3 Re7 28. Rd2 Rf8 29. c5 Bxc5 30. Bc4+ Kg7 31. Rd5 Be3 32. Kd3 Bf4 33. Rf3 h6
34. gxh6+ Kxh6 35. Rd4 g5 36. Bd5 Rd8 37. Rh3+ Kg7 38. Be4 Rxd4+ 39. Kxd4 Rd7+
40. Kc4 Kf6 41. Rh7 Rxh7 42. Bxh7 Ke5 43. Kd3 Bc1 44. b3 Ba3 45. Be4 b6 46. Bb7
g4 47. Bc6 g3 48. Bb7 Kf4 49. Bg2 Bc5 50. Ke2 Bf2 51. Kd3 Ke5 52. Bb7 Kd6 53.
Kc4 Be3 54. Bg2 Bc1 55. Bb7 Ba3 56. Bg2 a6 57. Bb7 b5+ 58. Kd3 Kc7 59. Bg2 Kb6
60. Bf3 Ka5 61. Bg2 Bd6 62. Ba8 Kb4 63. Kc2 a5 64. Bg2 Be5 65. Ba8 Ka3 66. Kb1
Bf4 67. Bb7 Bc7 68. Ba8 a4 69. bxa4 bxa4 70. Bb7 Ba5 71. Ba8 Kb4 72. Kc2 Kc4
73. Bb7 Kd4 74. Ba8 Bb4 75. Kd1 Ke3 76. Bc6 Kf2 77. Kc2 g2 78. Bxg2 Kxg2 79.
Kd3 Kf1 80. Kc4 Bd6 81. a3 Bxa3 82. Kb5 1/2-1/2

[Event "OLNO 1718 SC Rotation Pankow - SC Weiss"]
[Site "?"]
[Date "2017.12.10"]
[Round "4.6"]
[White "Bruchmann, Stephan"]
[Black "Kaiser, Martin"]
[Result "0-1"]
[WhiteElo "2234"]
[BlackElo "2142"]
[PlyCount "108"]
[EventDate "2017.??.??"]

1. e4 c5 2. Nf3 g6 3. d4 cxd4 4. Qxd4 Nf6 5. Nc3 Nc6 6. Qa4 d6 7. e5 dxe5 8.
Nxe5 Bg7 9. Nxc6 bxc6 10. Bd3 O-O 11. O-O Qc7 12. h3 Rb8 13. Be3 Rxb2 14. Rab1
Rxb1 15. Rxb1 Be6 16. Qxa7 Qxa7 17. Bxa7 Nd7 18. Ne4 Bxa2 19. Rb7 Rd8 20. Nc5
Nxc5 21. Bxc5 e5 22. f3 Bf8 23. Bxf8 Kxf8 24. Rc7 Rd6 25. Kf2 Ke8 26. Ke3 Kd8
27. Ra7 Bd5 28. Be4 Rd7 29. Ra8+ Ke7 30. g4 f6 31. h4 Ke6 32. Bd3 c5 33. Rc8
Kd6 34. Bb5 Ra7 35. Ke2 Ra2 36. Rd8+ Ke6 37. Kd3 Ra3+ 38. c3 Bxf3 39. Bc4+ Ke7
40. Rh8 Bxg4 41. Rxh7+ Kd6 42. Rf7 Bf5+ 43. Kd2 e4 44. Kc2 e3+ 45. Kb2 Ra4 46.
Bb5 Rxh4 47. Rxf6+ Kd5 48. Rf8 c4 49. Re8 Re4 50. Rxe4 Bxe4 51. Kc1 Bd3 52. Be8
g5 53. Bh5 Ke5 54. Kd1 Kf4 0-1

[Event "OLNO 1718 SC Rotation Pankow - SC Weiss"]
[Site "?"]
[Date "2017.12.10"]
[Round "4.7"]
[White "Mohrmann, Ralf"]
[Black "Steinhagen, Bernd"]
[Result "0-1"]
[WhiteElo "2050"]
[BlackElo "2241"]
[PlyCount "68"]
[EventDate "2017.??.??"]

1. d4 d5 2. c4 e6 3. Nf3 Nf6 4. g3 Be7 5. Bg2 Nbd7 6. Nbd2 O-O 7. O-O c6 8. Qc2
b6 9. e4 Bb7 10. e5 Ne8 11. a3 Rc8 12. Rd1 c5 13. cxd5 cxd4 14. Qd3 Nc5 15.
Qxd4 Qxd5 16. Qxd5 Bxd5 17. Ne1 Nc7 18. b4 Na4 19. Ne4 Nb5 20. Bg5 Bxg5 21.
Nxg5 Nac3 22. Rd3 Rfd8 23. a4 Nd4 24. Ngf3 Nb3 25. Ra3 Nc1 26. Rd2 Kf8 27. Ra1
Nb3 28. Rxd5 Nxa1 29. Rxd8+ Rxd8 30. Bf1 Nb3 31. Ng5 Rd1 32. Nef3 h6 33. Nh3 g5
34. g4 Nd4 0-1

[Event "OLNO 1718 SC Rotation Pankow - SC Weiss"]
[Site "?"]
[Date "2017.12.10"]
[Round "4.8"]
[White "Goehler, Antje"]
[Black "Kather, Yannick"]
[Result "0-1"]
[WhiteElo "2102"]
[BlackElo "2069"]
[PlyCount "174"]
[EventDate "2017.??.??"]

1. d4 Nf6 2. Nf3 g6 3. c4 Bg7 4. Nc3 d5 5. e3 O-O 6. b3 c5 7. Bb2 cxd4 8. exd4
Nc6 9. c5 Bg4 10. Be2 Ne4 11. Nxe4 dxe4 12. Ne5 Bxe2 13. Nxc6 Bxd1 14. Nxd8
Bxb3 15. axb3 Rfxd8 16. Ra4 a6 17. Ke2 Rd5 18. Rb4 Rd7 19. Rc1 Rc8 20. Rb6 f5
21. Rc4 Kf7 22. Rcb4 Rcc7 23. Rc4 Rc6 24. Rcb4 Rxb6 25. Rxb6 Ke8 26. c6 bxc6
27. Rxc6 Rb7 28. Rxa6 Rxb3 29. Ba1 Rb4 30. Ke3 Bh6+ 31. Ke2 Rc4 32. Ra2 Kf7 33.
g3 Bg7 34. Ke3 Rb4 35. Ra3 Bf6 36. h4 Rb5 37. f3 exf3 38. Kxf3 Rb1 39. Ke2 Rg1
40. Kf3 Rh1 41. Bc3 Rc1 42. Bb2 Re1 43. Bc3 Re4 44. Ra4 Ke6 45. d5+ Kxd5 46.
Ra5+ Ke6 47. Ra6+ Kf7 48. Bxf6 exf6 49. Ra7+ Re7 50. Ra5 Kg7 51. Rb5 Re6 52.
Ra5 Kh6 53. Rb5 Ra6 54. Rc5 Ra3+ 55. Kg2 Kh5 56. Rb5 Re3 57. Kf2 Re5 58. Rb6
Kg4 59. Rxf6 Ra5 60. Rf7 Ra2+ 61. Kf1 Kxg3 62. Rxh7 Rh2 63. Rg7 Rxh4 64. Rxg6+
Kf3 65. Ke1 Rh1+ 66. Kd2 f4 67. Rf6 Ra1 68. Rf8 Rf1 69. Rg8 Kf2 70. Rh8 Ra1 71.
Rh2+ Kg3 72. Rh8 f3 73. Rg8+ Kf2 74. Rg7 Ra8 75. Rd7 Re8 76. Kd1 Kf1 77. Kd2 f2
78. Rd6 Re5 79. Rd8 Kg2 80. Rg8+ Kf3 81. Rf8+ Kg3 82. Rg8+ Kf4 83. Rf8+ Kg3 84.
Rg8+ Kf3 85. Rf8+ Kg2 86. Rg8+ Kf1 87. Rg7 Rd5+ 0-1

[Event "OLNO 1718 Greifswalder SV - SV Empor Be"]
[Site "?"]
[Date "2017.12.10"]
[Round "4.1"]
[White "Thinius, Marco"]
[Black "Smith, Axel"]
[Result "1-0"]
[WhiteElo "2373"]
[BlackElo "2499"]
[PlyCount "93"]
[EventDate "2017.??.??"]

1. c4 e5 2. Nc3 Bb4 3. Nd5 Bc5 4. e3 c6 5. d4 Bf8 6. Nc3 d6 7. Nf3 Nd7 8. e4
Ngf6 9. Be2 g6 10. O-O Bg7 11. Qc2 O-O 12. d5 a5 13. Rd1 cxd5 14. cxd5 Nc5 15.
Be3 b6 16. Nd2 Ng4 17. Bxg4 Bxg4 18. Rdc1 Bd7 19. Nc4 Qb8 20. a4 f5 21. f3 Rc8
22. Nb5 Bf8 23. Ra3 f4 24. Bf2 g5 25. Rc3 Be7 26. Kh1 h5 27. g3 Kh7 28. Rg1
Bxb5 29. axb5 Qb7 30. gxf4 gxf4 31. Bxc5 bxc5 32. b6 Rg8 33. Qf2 Rxg1+ 34. Qxg1
Rg8 35. Qf1 a4 36. Rc2 Kh6 37. Qh3 Rg6 38. Rg2 Bg5 39. Qf5 Qa6 40. b3 Qxc4 41.
h4 Qb4 42. hxg5+ Kg7 43. Qd7+ Kh8 44. Kh2 Qxb6 45. Qf7 Rg7 46. Qf8+ Rg8 47.
Qh6# 1-0

[Event "OLNO 1718 Greifswalder SV - SV Empor Be"]
[Site "?"]
[Date "2017.12.10"]
[Round "4.2"]
[White "Mueller, Nick"]
[Black "Foerster, Jonas"]
[Result "1/2-1/2"]
[WhiteElo "2304"]
[BlackElo "2274"]
[PlyCount "106"]
[EventDate "2017.??.??"]

1. d4 Nf6 2. c4 e6 3. Nf3 b6 4. a3 Bb7 5. Nc3 Be7 6. Bf4 O-O 7. Rc1 d6 8. h3
Nbd7 9. e3 Ne4 10. Nxe4 Bxe4 11. Bd3 Bxd3 12. Qxd3 c5 13. O-O Nf6 14. Rfd1 Qc8
15. Bg3 Qb7 16. d5 e5 17. e4 a6 18. b4 Nd7 19. Rb1 Rfc8 20. Nd2 Qc7 21. f4 Bf6
22. b5 axb5 23. Rxb5 exf4 24. Bxf4 Be5 25. Be3 Ra4 26. Nf3 Rca8 27. Bc1 R4a5
28. Qb3 R5a6 29. Rd3 h6 30. Qb1 Ra5 31. Rdb3 Rxb5 32. Rxb5 Ra6 33. Qd3 Qd8 34.
Rb3 Qf6 35. Be3 Bf4 36. Bxf4 Qxf4 37. Qe3 Qf6 38. Qc3 Qe7 39. Qc2 Ne5 40. Nxe5
Qxe5 41. Qd3 h5 42. Rb1 g6 43. Rb3 Kg7 44. Kf2 Qd4+ 45. Qxd4+ cxd4 46. Rd3 Kf6
47. Rxd4 Rxa3 48. Rd2 Rb3 49. Ra2 Rb4 50. Ra8 Rxc4 51. Ke3 Rb4 52. h4 b5 53.
Rd8 Ke7 1/2-1/2

[Event "OLNO 1718 Greifswalder SV - SV Empor Be"]
[Site "?"]
[Date "2017.12.10"]
[Round "4.3"]
[White "Urban, Julian"]
[Black "Weber, Max"]
[Result "1-0"]
[WhiteElo "2238"]
[BlackElo "2259"]
[PlyCount "107"]
[EventDate "2017.??.??"]

1. b3 d5 2. Bb2 Nf6 3. e3 g6 4. f4 Bg7 5. Nf3 O-O 6. Be2 c5 7. O-O Nc6 8. Ne5
Bd7 9. Bf3 d4 10. Na3 Rc8 11. Qe2 a6 12. Nd3 Na5 13. Rac1 Ne8 14. c4 b6 15.
exd4 Bf5 16. Nc2 Nc6 17. Bxc6 Bxd3 18. Qxd3 Rxc6 19. Ba3 cxd4 20. Nb4 Re6 21.
Rce1 Nd6 22. Rxe6 fxe6 23. Qe2 Qd7 24. Nd3 Rf5 25. Re1 Ra5 26. Bxd6 exd6 27. a4
b5 28. axb5 axb5 29. c5 dxc5 30. Nxc5 Qd5 31. b4 Ra2 32. Qxb5 Rxd2 33. Qe8+ Bf8
34. Ne4 Qa2 35. Nxd2 Qxd2 36. Qxe6+ Kg7 37. Qe5+ Kh6 38. b5 d3 39. Kf1 Qb4 40.
Rd1 d2 41. g3 Bc5 42. Qe2 Qd4 43. Kg2 Bb4 44. h4 Qd5+ 45. Kh2 Qd4 46. Rf1 Qb2
47. Kh3 Qc2 48. b6 Qc8+ 49. Kh2 Qc6 50. Qe3 d1=Q 51. f5+ Kg7 52. f6+ Kf8 53.
Rxd1 Qc2+ 54. Rd2 1-0

[Event "OLNO 1718 Greifswalder SV - SV Empor Be"]
[Site "?"]
[Date "2017.12.10"]
[Round "4.4"]
[White "Leisner, Hannes"]
[Black "Meissner, Hans-Juergen"]
[Result "1/2-1/2"]
[WhiteElo "2241"]
[BlackElo "2272"]
[PlyCount "85"]
[EventDate "2017.??.??"]

1. Nf3 Nf6 2. c4 g6 3. d4 Bg7 4. e3 O-O 5. Be2 c5 6. d5 d6 7. Nc3 e6 8. O-O
exd5 9. cxd5 Re8 10. Nd2 Na6 11. Bb5 Bd7 12. Nc4 Nc7 13. a4 Bxb5 14. axb5 Ne4
15. Nxe4 Rxe4 16. Qd3 Re8 17. Na5 Rb8 18. Ra3 Qd7 19. Rb3 Na8 20. Bd2 Nb6 21.
Ra1 f5 22. Nc4 Nxc4 23. Qxc4 b6 24. Qc2 Rb7 25. Bc3 Qf7 26. Bxg7 Kxg7 27. Rba3
Ree7 28. Rd1 Qf6 29. Ra4 Qe5 30. Rf4 Rf7 31. h4 h5 32. g3 Qe8 33. Qb3 Kg8 34.
Ra1 Rfe7 35. Rfa4 Qf7 36. Rd1 Rbd7 37. Rf4 Re5 38. Qd3 Rde7 39. Ra4 Rd7 40. Rc4
Qe7 41. Ra1 Qf7 42. Rd1 Qe7 43. Ra1 {(=)} 1/2-1/2

[Event "OLNO 1718 Greifswalder SV - SV Empor Be"]
[Site "?"]
[Date "2017.12.10"]
[Round "4.5"]
[White "Nitsche-Hahn, Raphael"]
[Black "Stubbe, Wilko"]
[Result "0-1"]
[WhiteElo "2016"]
[BlackElo "2189"]
[PlyCount "100"]
[EventDate "2017.??.??"]

1. d4 d5 2. Bf4 Nf6 3. e3 c5 4. c3 Qb6 5. Qb3 c4 6. Qc2 g6 7. b3 Bf5 8. Qb2 a5
9. Nd2 Nbd7 10. h3 Rc8 11. g4 Bd3 12. Bxd3 cxd3 13. Ngf3 Ne4 14. Rc1 h5 15. g5
Bg7 16. c4 Qc6 17. O-O O-O 18. Qb1 Nxd2 19. Nxd2 e5 20. dxe5 Qe6 21. Qxd3 dxc4
22. Rxc4 Qxh3 23. Qe4 Rce8 24. Nf3 b6 25. Rc6 Nc5 26. Qd5 Ne6 27. Bg3 Qf5 28.
Nd4 Nxd4 29. exd4 Qxg5 30. Qg2 Qd2 31. Qe4 Rd8 32. Rd6 Rfe8 33. Bf4 Qb4 34.
Rxd8 Rxd8 35. Rd1 Kh7 36. f3 Qa3 37. Rd2 Qc1+ 38. Kg2 Rc8 39. d5 Qa1 40. Re2 h4
41. d6 h3+ 42. Kh2 Qf1 43. Bg5 Rc5 44. Qh4+ Kg8 45. Rf2 Qd1 46. d7 Qxd7 47.
Qxh3 Bxe5+ 48. f4 Qd4 49. Qf3 Bf6 50. Qg3 Rxg5 0-1